000 00292nam a22001337a 4500
008 170203b xxu||||| |||| 00| 0 eng d
020 _a9781416001331
041 _aeng
080 _a61
100 _a3
101 _aSHM
245 _aSTEP-BY-STEP MEDICAL CODING
_cBUCK, C.J
942 _2udc
_cBK
999 _c4526
_d4526